| 000 | 00000nam##2200000za#4500 |
| 001 | 9.693462 |
| 003 | CaOODSP |
| 005 | 20210624233657 |
| 007 | cr ||||||||||| |
| 008 | 150407|2010||||xxc|||||o f|0| 0 eng|d |
| 020 | |a978-1-100-15884-6 |
| 040 | |aCaOODSP|beng |
| 043 | |an-cn--- |
| 086 | 1 |aCP32-89/4-2010E-PDF |
| 110 | 1 |aCanada.|bPrivy Council. |
| 245 | 10|aAir India Flight 182, a Canadian tragedy. Volume one, the overview / |h[electronic resource]|cIssued by the Commission of Inquiry into the Investigation of the Bombing of Air India Flight 182. |
| 260 | |aOttawa - Ontario : |bPrivy Council |cc2010. |
| 300 | |a264p.|btables |
| 500 | |aIncorrect catalogue number (CP32-89/2-2010E) and ISBN (978-0-660-19926-9) printed in this publication. |
| 590 | |a10-24|b2010-06-18 |
| 775 | 08|tLe vol 182 d'Air India, une tragédie canadienne. Volume un, Aperçu / |w(CaOODSP)9.637640 |
| 776 | 0#|tAir India Flight 182, a Canadian tragedy. Volume one, The overview / |w(CaOODSP)9.651990 |
| 856 | 40|ahttp://publications.gc.ca|qPDF|s867 KB|uhttps://publications.gc.ca/collections/collection_2010/bcp-pco/CP32-89-4-2010-eng.pdf |
| 856 | 40|ahttp://publications.gc.ca|qPDF|s99 KB|uhttps://publications.gc.ca/collections/collection_2010/bcp-pco/CP32-89-4-2010-1-eng.pdf |